Central Library OPAC University of Rajshahi

The Review of English studies : (Record no. 31962)

MARC details
000 -LEADER
fixed length control field 02151nas a2200529 4500
001 - CONTROL NUMBER
control field 31962
003 - CONTROL NUMBER IDENTIFIER
rucl marc code BD-RjUL
005 - DATE AND TIME OF LATEST TRANSACTION
control field 20211209051755.0
008 - FIXED-LENGTH DATA ELEMENTS--GENERAL INFORMATION
fixed length control field 140423s1956 enkqx p 0 1 a0eng d
032 ## - POSTAL REGISTRATION NUMBER
Postal registration number 007128
Source agency assigning number USPS
035 ## - SYSTEM CONTROL NUMBER
System control number (BD-RjUL)32051
040 ## - CATALOGING SOURCE
Original cataloging agency MnMULS
Transcribing agency MnMULS
Modifying agency NIC
-- CtY
-- NSDP
-- DLC
-- AIP
-- NSDP
-- MH
-- WaU
-- MCM
-- MiU
-- InU
-- CU-S
-- GU
-- OCoLC
-- WaU
-- OCoLC
-- CaQMU
-- MCM
-- OCoLC
-- MCM
-- NLGGC
-- CaQMUQ
-- OCoLC
-- DE-MnBSB
-- MoSF
-- BD-RjUL
Language of cataloging eng
041 ## - LANGUAGE CODE
Language code of text/sound track or separate title eng
082 04 - DEWEY DECIMAL CLASSIFICATION NUMBER
Classification number 820.9
Author mark and year REV 1956
245 04 - TITLE STATEMENT
Title The Review of English studies :
Remainder of title a quarterly fournal of english literature and english language /
Statement of responsibility, etc. edited by Petet Alexander ; Norman Davis
246 13 - VARYING FORM OF TITLE
Title proper/short title RES
260 ## - PUBLICATION, DISTRIBUTION, ETC. (IMPRINT)
Place of publication, distribution, etc. Oxford :
Name of publisher, distributor, etc. Clarendon Press,
Date of publication, distribution, etc. 1956
300 ## - PHYSICAL DESCRIPTION
Pagination 450p. ;
Size 24 cm.
321 ## - FORMER PUBLICATION FREQUENCY
Former publication frequency Quarterly,
Dates of former publication frequency -2001
490 #0 - SERIES STATEMENT
Series statement New series
Volume/sequential designation V-7
500 ## - GENERAL NOTE
General note Includes a section: Summary of periodical literature.
650 #0 - SUBJECT ADDED ENTRY--TOPICAL TERM
Topical term or geographic name as entry element English literature
General subdivision History and criticism
Form subdivision Periodicals.
9 (RLIN) 67714
Topical term or geographic name as entry element Littérature anglaise
General subdivision Histoire et critique
Form subdivision Périodiques.
9 (RLIN) 97300
Topical term or geographic name as entry element Filologie.
Source of heading or term gtt
9 (RLIN) 97301
Topical term or geographic name as entry element Engels.
Source of heading or term gtt
9 (RLIN) 97302
Topical term or geographic name as entry element Anglais (Langue)
Source of heading or term rasuqam
9 (RLIN) 97303
Topical term or geographic name as entry element Critique littéraire
Source of heading or term rasuqam
9 (RLIN) 97304
Topical term or geographic name as entry element Histoire
Source of heading or term rasuqam
9 (RLIN) 97305
Topical term or geographic name as entry element Histoire littéraire
Source of heading or term rasuqam
9 (RLIN) 97306
Topical term or geographic name as entry element Littérature anglaise
Source of heading or term rasuqam
9 (RLIN) 97307
Topical term or geographic name as entry element Anglistik
Source of heading or term swd
9 (RLIN) 97308
700 1# - ADDED ENTRY--PERSONAL NAME
Personal name Alexander, Petet
Personal name Davis, Norman
776 1# - ADDITIONAL PHYSICAL FORM ENTRY
Title Review of English studies (Online)
International Standard Serial Number 1471-6968
Record control number (DLC) 2002227135
-- (OCoLC)50709637
Relationship information Online version:
Title Review of English studies
Record control number (OCoLC)604912827
Relationship information Online version:
Title Review of English studies
Record control number (OCoLC)607635738
942 ## - ADDED ENTRY ELEMENTS (KOHA)
Source of classification or shelving scheme Dewey Decimal Classification
Koha item type Books
Holdings
Lost status Source of classification or shelving scheme Damaged status Not for loan Collection code Permanent Location Current Location Shelving location Date acquired Source of acquisition Total Checkouts Full call number Date last seen Copy number Koha item type
  Dewey Decimal Classification   Not For Loan Non-fiction Central Library, University of Rajshahi Central Library, University of Rajshahi Reading Room 13/04/1957 Black well   820.9 REV 1956 23/04/2014 C-1 Books